000 01011nam a22002417a 4500
003 NALT
005 20251125233042.0
008 s2551 th tha d
020 _a9789740613251
040 _aNALT
041 _atha
090 _aKJ 77
_bภ493ค 2551
100 0 _aภาสกร ญาณสุธี
_915151
245 1 0 _aคลินิคบัตรเครดิต และการรับสภาพหนี้ /
_cภาสกร ญาณสุธี.
260 _aม.ป.ท. :
_bม.ป.พ.,
_c2551
300 _a280 หน้า ;
_b
_c26 ซม.
650 4 _aบัตรเครดิต
_939492
_xกฎหมายและระเบียบข้อบังคับ
650 4 _aหนี้ (กฎหมาย)
_932695
850 _aNALT
856 4 0 _uhttps://hdl.handle.net/20.500.14156/301991
_71
942 _cLB
_2local
998 _bภัลลิกา บุษมงคล
_c103
_j109
_k อารีรัตน์ วิชาช่าง
999 _c58134
_d58134